COMPETITIVE DIGITAL INNOVATION; TRANSFORMING PRODUCTS, PROCESSES AND BUSINESS MODELS TO WIN IN THE DIGITAL ECONOMY. (Record no. 217057)

MARC details
000 -LEADER
fixed length control field 00634nam a22001817a 4500
008 - FIXED-LENGTH DATA ELEMENTS--GENERAL INFORMATION
fixed length control field 260428b |||||||| |||| 00| 0 eng d
020 ## - INTERNATIONAL STANDARD BOOK NUMBER
International Standard Book Number 978- 3-031-23439-2
050 ## - LIBRARY OF CONGRESS CALL NUMBER
Classification number HD 30.213 .B37 2023
100 ## - MAIN ENTRY--PERSONAL NAME
Personal name BASU, AMIT.
245 ## - TITLE STATEMENT
Title COMPETITIVE DIGITAL INNOVATION; TRANSFORMING PRODUCTS, PROCESSES AND BUSINESS MODELS TO WIN IN THE DIGITAL ECONOMY.
260 ## - PUBLICATION, DISTRIBUTION, ETC.
Place of publication, distribution, etc. SWITZERLAND,
Name of publisher, distributor, etc. PALGRAVE MACMILLAN.
Date of publication, distribution, etc. 2023
300 ## - PHYSICAL DESCRIPTION
Extent XV,213 P, ILL
500 ## - GENERAL NOTE
General note INCLUDES INDEX.
650 ## - SUBJECT ADDED ENTRY
Topical term or geographic name entry element 1. BUSINESS ENTERPRICES- TECHNOLOGICAL INNOVATIONS. 2. STRATEGIC PLANNING.
700 ## - ADDED ENTRY--PERSONAL NAME
Personal name MUYLLE STEVE.
942 ## - ADDED ENTRY ELEMENTS (KOHA)
Source of classification or shelving scheme Library of Congress Classification
Koha item type Long Loan Book
Holdings
Withdrawn status Lost status Source of classification or shelving scheme Damaged status Not for loan Collection Home library Current library Shelving location Date acquired Inventory number Total checkouts Full call number Barcode Date last seen Copy number Price effective from Koha item type
    Library of Congress Classification     Business & Economics Kisii University Library Kisii University Library On Display 04/28/2026 113273   HD 30.213 .B37 2023 A001670 04/28/2026 1 04/28/2026 Long Loan Book
    Library of Congress Classification     Business & Economics Kisii University Library Kisii University Library On Display 04/28/2026 113274   HD 30.213 .B37 2023 A001668 04/28/2026 2 04/28/2026 Long Loan Book